Statistics for Countries with McDonald's Restaurants by City

Click here to take the quiz!

General Stats

  • This quiz has been taken 103 times
  • The average score is 16 of 21

Answer Stats

CityCountry% Correct
TokyoJapan
100%
MunichGermany
97%
LondonUnited Kingdom
96%
GenevaSwitzerland
94%
IstanbulTurkey
94%
Panama CityPanama
93%
Ho Chi Minh CityVietnam
92%
RiyadhSaudi Arabia
86%
San SalvadorEl Salvador
82%
SydneyAustralia
80%
KarachiPakistan
79%
CasablancaMorocco
76%
Guantanamo BayCuba
75%
ColomboSri Lanka
71%
VaduzLiechtenstein
68%
NassauBahamas
65%
San BernardinoUnited States
57%
CréteilFrance
44%
BolzanoItaly
41%
TampereFinland
41%
ZaandamNetherlands
36%

Score Distribution

Percentile by Number Answered

Percent of People with Each Score

Your Score History

You have not taken this quiz